000 00655nam a2200229 i 4500
001 12918
003 ES-MaACL
005 20230906150434.0
007 t|
008 971013s1996 sp ||||1| spa d
020 _a84-376-1477-5
080 _a930.85(35)
100 1 _aMargueron, Jean-Claude.
_976637
245 1 4 _aLos mesopotámicos /
_cJean-Claude Margueron.
260 _aMadrid :
_bCátedra,
_cD.L. 1996.
300 _a471 p. :
_bil. ;
_c21 cm.
490 1 _aHistoria. Serie menor
651 4 _aMesopotamia-
_xCivilización.
_99055
830 0 _aHistoria. Serie menor
_9178513
852 _aES-MaACL
_jL-20321
_bR.126164
999 _c12918
_d12918